Hampshire CC v Milburn (Record no. 24786)
[ view plain ]
| 000 -LEADER | |
|---|---|
| fixed length control field | 01359cab a2200193 4500 |
| 001 - CONTROL NUMBER | |
| control field | ABS42722 |
| 008 - FIXED-LENGTH DATA ELEMENTS--GENERAL INFORMATION | |
| fixed length control field | 090401t1990 xxu||||| |||| 00| 0 eng d |
| 035 ## - SYSTEM CONTROL NUMBER | |
| System control number | (Sirsi) u38565 |
| 041 ## - LANGUAGE CODE | |
| Language code of text/sound track or separate title | eng |
| 245 ## - TITLE STATEMENT | |
| Title | Hampshire CC v Milburn |
| 260 ## - PUBLICATION, DISTRIBUTION, ETC. | |
| Date of publication, distribution, etc. | 1990 |
| 350 ## - PRICE (NR) (BK AM CF MU VM SE) [OBSOLETE] | |
| Price | 0 |
| 490 ## - SERIES STATEMENT | |
| Series statement | Weekly Law Reports |
| Volume/sequential designation | (1990) 2 WLR 1240-1248(9) |
| 520 ## - SUMMARY, ETC. | |
| Summary, etc. | HL 10 May 1990. Appeal by council (H) from a CA order declaring that H as registration authority under Commons Registration Act 1965 were obliged to accede to applications made by M, to remove two sites from the register of common land . M`s applications were made on the ground that both areas had ceased to be common land when M had conveyed away the lordship s of the manors of which the two areas formed part of the waste land . CA allowed the application stating that it was bound to do so by a previous decision Re Box Hill Common (1980). On appeal by H, HL held that on the true construction of s22 of the 1965 Act the words " waste land of a manor" meant "wasteland now or formerly of a manor" or "waste land of manorial origin" and therefore on the conveyance of the lordships the two areas of land did not cease to be common land. Accordingly, H was not obliged to accede to M`s applications for deregistration . |
| 650 ## - SUBJECT ADDED ENTRY--TOPICAL TERM | |
| Topical term or geographic name entry element | CASE LAW |
| 690 ## - LOCAL SUBJECT ADDED ENTRY--TOPICAL TERM (OCLC, RLIN) | |
| Topical term or geographic name as entry element | LAND-CASE LAW |
| 942 ## - ADDED ENTRY ELEMENTS (KOHA) | |
| Suppress in OPAC | 0 |
| 948 ## - LOCAL PROCESSING INFORMATION (OCLC); SERIES PART DESIGNATOR (RLIN) | |
| c (OCLC) | 04/03/1997 |
| Withdrawn status | Lost status | Source of classification or shelving scheme | Damaged status | Not for loan | Home library | Current library | Shelving location | Date acquired | Total Checkouts | Full call number | Barcode | Date last seen | Copy number | Price effective from | Koha item type |
|---|---|---|---|---|---|---|---|---|---|---|---|---|---|---|---|
| Dewey Decimal Classification | London | London | Journal article | 14/09/1999 | ABS42722 | 38565-1001 | 06/08/2019 | 1 | 06/08/2019 | Law report |